|
|
|
|
| LEADER |
00000nab a2200000 a 4500 |
| 001 |
vtls009183738 |
| 003 |
SK-MaSNL |
| 005 |
20260305012407.0 |
| 008 |
180228c20071213xo dr|p|||||||000 b|slo |
| 015 |
|
|
|a SNBRB2008/02
|2 snkbucl
|
| 040 |
|
|
|a SNKBUCL
|b slo
|c SNKBUCL
|e AACR2
|
| 041 |
0 |
|
|a slo
|
| 044 |
|
|
|a xo
|c SK
|
| 080 |
|
|
|a 329.12
|x (430)
|x (091)
|2 2001
|
| 100 |
1 |
|
|a Zsilleová, Miriam
|4 aut
|9 839648
|
| 245 |
1 |
0 |
|a Malí liberáli hýbu Nemeckom
|c Miriam Zsilleová
|
| 300 |
|
|
|b Fotogr.
|
| 500 |
|
|
|a Od 15.1.2007 návrat k pôvodnému vročeniu
|
| 610 |
2 |
7 |
|a Slobodná demokratická strana (Nemecko)
|x 60. výročie
|2 snkbucl
|9 1589345
|
| 650 |
0 |
7 |
|a liberáli
|2 snkbucl
|9 1340267
|
| 651 |
|
7 |
|a Nemecko
|2 snkbucl
|9 21020
|
| 773 |
0 |
|
|t Sme
|g Roč. 15, č. 286 (13.12.2007)
|x 1335-440X
|
| 773 |
0 |
8 |
|t Kultúra
|g S. 28
|
| 852 |
|
|
|a SNK
|b KIS3GCP
|
| 958 |
|
|
|a DE
|
| 999 |
|
|
|c 3257321
|d 3259251
|